Statistics for Love Songs by Lyric

Click here to take the quiz!

General Stats

  • This quiz has been taken 11 times
  • The average score is 7 of 20

Answer Stats

LyricAnswer% Correct
I don't care if Monday's blue, Tuesday's gray and Wednesday tooFriday I'm in Love
67%
'Cause girl, I was made for you, and girl, you were made for meI Was Made For Lovin' You
56%
It's a little bit funny, this feeling insideYour Song
56%
Wise men say, only fools rush inCan't Help Falling in Love
44%
Do you feel the same? Am I only dreaming?Eternal Flame
44%
We were both young when I first saw youLove Story
44%
Something in the way she moves, attracts me like no other loverSomething
44%
You don't need money, don't take fameThe Power of Love
44%
If you're lost you can look and you will find meTime After Time
44%
You never need to doubt it, I'll make you so sure about itGod Only Knows
33%
I, I was standing, you were there, two worlds collidedNever Tear Us Apart
33%
And then she asks me "Do I look all right?"Wonderful Tonight
33%
I love you, baby, and if it's quite alright, I need you, baby, to warm the lonely nightCan't Take My Eyes Off You
22%
Since you've gone I've been lost without a traceEvery Breath You Take
22%
She can kill with a smile, she can wound with her eyesShe's Always a Woman
22%
I don't mind spending every day, out on your corner in the pouring rainShe Will Be Loved
22%
Love your curves and all your edges, all your perfect imperfectionsAll of Me
11%
My lonely days are over, and life is like a songAt Last
11%
'Cause you make me feel so brand new, and I want to spend my life with youLet's Stay Together
11%
Baby it's you, you're the one I love, you're the one I needLove on Top
11%

Score Distribution

Percentile by Number Answered

Percent of People with Each Score

Your Score History

You have not taken this quiz